| 000 | 00977nam a2200301Ia 4500 | ||
|---|---|---|---|
| 001 | Z_625 | ||
| 003 | CHAP | ||
| 008 | 220113s1986 xx 000 0 und d | ||
| 010 | _a163736 | ||
| 040 | _cCHAP | ||
| 090 | _aTesis R 316 | ||
| 100 |
_aRodríguez Rocha, Sidronio _998842 |
||
| 245 |
_aEfecto del manejo de la pradera y suplementación sobre el comportamiento de vaquillas en el trópico / _cpor Sidronio Rodríguez Rocha y Carlos Solano Flores |
||
| 260 |
_aChapingo, Méx. : _bEl autor, _c1986 |
||
| 300 | _a63 h. ; gráfs. | ||
| 502 | _aTesis (Ing. Agrónomo Esp. en Zootecnia) -- UACH. Departamento de Zootecnia | ||
| 650 |
_aGanado vacuno _xAlimentación _945429 |
||
| 650 |
_aGanado vacuno _xPastoreo _945502 |
||
| 650 |
_aGanado vacuno _xTrópicos _945522 |
||
| 650 |
_aPraderas _xTrópicos _991252 |
||
| 700 |
_aSolano Flores, Carlos _9108343 |
||
| 901 | _aTESIS R 316 | ||
| 902 | _aM | ||
| 910 | _a1986 | ||
| 942 | _c2 | ||
| 942 | _c2 | ||
| 999 |
_c163736 _d163736 |
||